| 000 | 00000nam##2200000za#4500 |
| 001 | 9.681751 |
| 003 | CaOODSP |
| 005 | 20210615132514 |
| 007 | ta |
| 008 | 150407|2002||||xxc||||| f|0| 0 fre|d |
| 020 | |a0-662-86682-7 |
| 040 | |aCaOODSP|bfre |
| 043 | |an-cn--- |
| 086 | 1 |aT46-18/2002F |
| 110 | 1 |aCanada. |bTransports Canada. |
| 245 | 10|aRouler sur l'air : |binformation cruciale sur la sûreté de vos pneus |
| 260 | |aOttawa - Ontario : |bTransports Canada |c2002. |
| 300 | |a10p. : |bill. en couleur ; |c23 cm. |
| 520 | 3 |aLe document intitulé Rouler sur l'air, publié par Transports Canada, vous fournit d'importants renseignements sur la sécurité des pneus. Vous y apprendrez notamment que des pneus bien gonflés, en plus d'assurer le fonctionnement sécuritaire de votre véhicule, réduisent la consommation de carburant. L'Association canadienne de l'industrie du caoutchouc (ACIC), qui compte parmi la quarantaine d'associations manufacturières membres du PEEIC, recommande de prendre la bonne habitude de consacrer cinq minutes par mois à la vérification des pneus, sans oublier le pneu de rechange. |
| 563 | |aCouverture souple |
| 590 | |a02-16|b2002-04-19 |
| 691 | 07|aAutomobile|2gcpds |
| 691 | 07|aSécurité routière|2gcpds |
| 775 | 08|tRiding on air : |w(CaOODSP)9.648459 |
| 776 | 0#|tRouler sur l'air |w(CaOODSP)9.640448 |